LEADER 01370nam a2200313 u 4500 001 000000074538 003 CaOOAMICUS 005 20070226122455.0 008 021209s1995 fr u000 u fre u 020 $a2130468543 035 $a10948017 040 $aPUL$bita 100 1 $aGalilei, Galileo,$d1564-1642.$0(OLS)http://pul/name/2769 245 10$aDiscours et demonstrations mathematiques concernant deux sciences nouvelles /$cGalilée ; introduction, traduction, notes et index par Maurice Clavelin. 260 $aParis :$bPress Universitaires de France,$c1995. 300 $a285 p. ;$c24 cm 490 1 $aEpiméthée 500 $aContiene indice. 504 $aBibliografia in nota. 600 14$aGalilei, Galileo,$d1564-1642.$0(OLS)http://pul/subject/2137 700 1 $aClavelin, Maurice,$d1927-$0(OLS)http://pul/name/49433 830 0$aEpiméthée.$0(OLS)http://pul/title/13231 850 $aPUL 852 $aPUL$W1$xSL Filosofia 1$y2$m86.PA.19$j96133$nBK-PRI$b $qStampati$B96133$CPULBib$Z2$F96133 $H $81 941 1 $a8 961 $aINV: 88210 996 $6020$a2130468543$9(OLS)http://pul/number/96741 996 $6245$aDiscours et demonstrations mathematiques concernant deux sciences nouvelles$9(OLS)http://pul/title/97848 996 $6260$aParis :$bPress Universitaires de France$9(OLS)http://pul/publisher/74502 LEADER 01402nam a2200325 a 4500 001 000000175386 003 CaOOAMICUS 005 20220822120421.0 008 220822s2021 it u000 u ita r 020 $z978-88-467-6058-6* 032 $aLibriCat 040 $aPUL$bita 084 $a111 100 1 $aSuozzi, Stefano.$0(OLS)http://pul/name/112724 245 02$aL'arte della fuga : $battualità e inattualità dell'immagine e della scrittura / $cStefano Suozzi. 260 $aPisa :$bETS,$c2021. 300 $a100 p. ;$b$c22 cm 440 0$aPhilosophica (ETS)$pSerie arancio ;$v262 504 $aBibliografia in nota a piè pagina. 650 4$aEstetica$xStudi.$0(OLS)http://pul/subject/8622 830 0$aPhilosophica (ETS)$pSerie arancio ;$v262.$0(OLS)http://pul/title/165240 850 $aPUL 852 $aPUL$W1$xSL Filosofia 3$y81$m103 COLL 13.262$j199590$qDDC 21$B204310$CPULBib$Z2$F204310 $H135764 $82 941 1 $a9 996 $6020$z978-88-467-6058-6*$9(OLS)http://pul/number/168780 996 $6084$a111$9(OLS)http://pul/classification/3351 996 $6245$aL'arte della fuga : $battualità e inattualità dell'immagine e della scrittura / $9(OLS)http://pul/title/216816 996 $6440$aPhilosophica (ETS)$pSerie arancio$9(OLS)http://pul/title/165240 996 $6260$aPisa :$bETS$9(OLS)http://pul/publisher/65234